000 00533nam a22001817a 4500
003 UA-OsUOA
001 19960
007 ta
008 20041007b un ||||| |||| 00| 0 ukr d
100 _aБондарчук Я.
942 _cSA
040 _aUA-OsUOA
_cUA-OsUOA
_dUA-OsUOA
245 _aКонстянтин-Василь - князь Острозький
300 _aС.45-48
955 _a0
773 0 _w0
_tВолання з Волині
_dОстріг
_d2004
_g№4/Лип.-серп./
650 7 _aВидатні діячі
_2UDC
999 _c306133
_d306133